000 004370000a22001690004500
003 MACL
005 20160128130443.0
008 160128b xxu||||| |||| 00| 0 eng d
040 _aMACL
_cMACL
041 _aEnglish
082 _a900/WAL
100 _aWalsh, Warren Bartlett
_934847
245 _aRussia and the Soviet Union
260 _bSurjeet Publications
_c1989
_aNew Delhi
650 _aHistory
_934848
942 _cBK
_k900/WAL
_2ddc
999 _c32334
_d32334